| 000 | 00899nam a22003017a 4500 | ||
|---|---|---|---|
| 003 | CHAP | ||
| 005 | 20220329134302.0 | ||
| 008 | 971013s1976 r 00010 d | ||
| 010 | _a18129 | ||
| 011 | _a19101 | ||
| 035 | _a23186 | ||
| 040 | _cCHAP | ||
| 082 |
_a574.87 _bD4Y |
||
| 100 | 0 | 0 |
_aDellmann, Horst-Dieter. _931701 |
| 245 | _aHistologĂa veterinaria | ||
| 260 |
_aZaragoza : _bAcribia, _c1976 |
||
| 300 |
_a529 p. _b: ilus. |
||
| 590 |
_aBATCH-UPD _b10 _c20130110 _lUCH01 _h0310 |
||
| 590 |
_aBATCH-UPD _b10 _c20130110 _lUCH01 _h2237 |
||
| 590 |
_aBATCH-UPD _b10 _c20130409 _lUCH01 _h2342 |
||
| 590 |
_aBATCH-UPD _b10 _c20130914 _lUCH01 _h1618 |
||
| 590 |
_aCONVERSION _b10 _c20130109 _lUCH01 _h1311 |
||
| 650 | 1 | 4 |
_aHistologĂa animal. _955594 |
| 700 | 0 |
_aBrown, Esther M. _915642 |
|
| 901 | _aBK | ||
| 942 | _cLIBRO | ||
| 949 |
_a574.87 D4Y _bBC _cLIBRO _d33724000665980 _eLIBRO _h34404 _i23186 _si |
||
| 999 |
_c18129 _d18129 |
||